000 02111nam0a2200337 4500
001 RU\NLR\BIBL_A\012280077
005 20240207154232.0
010 _a978-5-93105-423-0
_9300
021 _aRU
_bКН-П-20-009972
_9КН-П-20-0773
035 _a(NLR Aleph) 012280077
035 _a(RuMoRGB)010283020
090 _a11213742
_c11213742
100 _a20200625d2020 u y0rusy50 ca
101 0 _arus
102 _aRU
105 _ay j 000zy
181 0 _ai
_baxxe
182 0 _an
200 1 _aСоциальная философия
_eучебное пособие
_e[для студентов, обучающихся по направлениям 21.03.01 "Нефтегазовое дело", 15.03.02 "Технологические машины и оборудование" уровня бакалавриата и направления 21.05.06 "Нефтегазовые техника и технология" уровня специалитета всех форм обучения]
_fР. Н. Юсупов
_gМинистерство науки и высшего образования Российской Федерации, Филиал Федерального государственного бюджетного образовательного учреждения высшего образования "Уфимский государственный нефтяной технический университет" в г. Октябрьском
203 _aТекст
_bвизуальный
_cнепосредственный
210 _aУфа
_cИзд-во УГНТУ
_d2020
215 _a85 с.
_d21
320 _aБиблиогр.: с. 82-85 (52 назв.)
606 1 _aСоциальная философия
_jУчебные издания для высших учебных заведений
_91917054
_3RU\NLR\AUTH\661163051
686 1 _aЮ6я73
700 1 _aЮсупов
_bР. Н.
_gРенат Нурсахиевич
942 _cBOOK
980 _aNBR
980 _aNB